| 000 | 01563cam a2200373 a 4500 | ||
|---|---|---|---|
| 999 |
_c17051 _d17051 |
||
| 001 | 14619166 | ||
| 005 | 20161121115708.0 | ||
| 008 | 061101s2008 vtua b 001 0 eng d | ||
| 010 | _a 2006937800 | ||
| 020 | _a9780804838641 | ||
| 020 | _a080483864X | ||
| 035 | _a(OCoLC)ocn154701519 | ||
| 040 |
_aBTCTA _cBTCTA _dBAKER _dYDXCP _dZQP _dCPL _dVP@ _dCUY _dOQP _dSINLB _dNLGGC _dDLC |
||
| 042 | _alccopycat | ||
| 043 | _aa-cc--- | ||
| 050 | 0 | 0 |
_aN7740 _b.W385 2008 |
| 082 | 0 | 4 |
_a709.51 _222 |
| 084 |
_a20.42 _2bcl |
||
| 084 |
_a20.21 _2bcl |
||
| 100 | 1 |
_aWelch, Patricia Bjaaland, _d1953- |
|
| 245 | 1 | 0 |
_aChinese art : _ba guide to motifs and visual imagery / _cPatricia Bjaaland Welch. |
| 250 | _a1st ed. | ||
| 260 |
_aNorth Clarendon, VT : _bTuttle Pub., _cc2008. |
||
| 300 |
_a288 p. : _bcol. ill. ; _c29 cm. |
||
| 504 | _aIncludes bibliographical references (p. 266-269) and index. | ||
| 650 | 0 |
_aSymbolism in art _zChina. |
|
| 650 | 0 |
_aDecoration and ornament _zChina. |
|
| 856 | 4 | 2 |
_3Contributor biographical information _uhttp://www.loc.gov/catdir/enhancements/fy0913/2006937800-b.html |
| 856 | 4 | 2 |
_3Publisher description _uhttp://www.loc.gov/catdir/enhancements/fy0913/2006937800-d.html |
| 856 | 4 | 1 |
_3Table of contents only _uhttp://www.loc.gov/catdir/enhancements/fy1012/2006937800-t.html |
| 906 |
_a7 _bcbc _ccopycat _d2 _eepcn _f20 _gy-gencatlg |
||
| 942 |
_2lcc _cBOOKS _hN7740 .W385 2008 |
||